000 00192 a2200097 4500
001 27900
100 _aDobson
245 _aBlack September
260 _a
_bMacmillan
_c
090 _c18637
_d18637
942 _aNUST-CAE
_cM
_c9599
999 _c262973
_d262973